| 000 | 00998nam a2200277Ia 4500 | ||
|---|---|---|---|
| 003 | OSt | ||
| 005 | 20220923211249.0 | ||
| 006 | a|||||r|||| 00| 0 | ||
| 007 | ta | ||
| 008 | Pun | ||
| 020 |
_a9788178563015 _c250 |
||
| 024 | _a260,591 | ||
| 037 |
_b526, 02/12/2011, H.K. Prakashan _cTextual |
||
| 040 |
_aARTS _cARTS _bPun |
||
| 041 |
_2Pun _aPun |
||
| 082 | _aO153,2N08:g, Q1 | ||
| 100 | _aਬ੍ਰਹਮਜਗਦੀF ਸਿੰਘ | ||
| 245 | 0 |
_aਸੰਤ ਸਿੰਘ ਸੇਖੋ੍ਵ _b ਜੀਵਨ ਅਤੇ ਰਚਨਾ |
|
| 260 |
_aਅੰਮ੍ਰਿਤਸਰ _b ਵਾਰਿਸ Fਾਹ ਖ਼ਾਉ੍ਵਡੇFਨ _c2011 |
||
| 300 |
_a208ਪੰ _ccm. |
||
| 650 |
_a ਸੰਤ ਸਿੰਘ ਸੇਖੋ੍ਵ _9160094 |
||
| 650 | _a ਪੰਜਾਬੀ ਨਾਟਕ | ||
| 650 | _aਪੰਜਾਬੀ ਸਾਹਿਤ | ||
| 942 |
_hO153,2N08:g, Q1 _cTEXL _2CC |
||
| 999 |
_c297906 _d297906 |
||